平成に消滅・改称した福井県の市町村 - Statistics

General Stats
  • This quiz has been taken 31 times
  • The average score is 21 of 26
Answer Stats
変更年月日 変更内容 回答 変更後の市町村 % Correct
2004.03/01 新設合併 芦原町 あわら市
100%
2006.03/03 新設合併 大飯町 おおい町
100%
2005.03/31 新設合併 三方町 若狭町
95%
2005.10/01 新設合併 武生市 越前市
95%
2006.03/20 新設合併 三国町 坂井市
89%
2006.03/20 新設合併 丸岡町 坂井市
89%
2006.03/20 新設合併 坂井町 坂井市
89%
2004.03/01 新設合併 金津町 あわら市
84%
2005.02/01 新設合併 越前町 越前町
84%
2005.03/31 新設合併 上中町 若狭町
84%
2006.02/13 新設合併 永平寺町 永平寺町
84%
2005.01/01 新設合併 南条町 南越前町
79%
2005.01/01 新設合併 今庄町 南越前町
79%
2006.02/01 編入合併 越廼村 福井市
79%
2006.03/20 新設合併 春江町 坂井市
79%
2005.10/01 新設合併 今立町 越前市
74%
2005.11/07 編入合併 和泉村 大野市
74%
2006.02/01 編入合併 美山町 福井市
74%
2006.02/13 新設合併 松岡町 永平寺町
74%
2006.03/03 新設合併 名田庄村 おおい町
74%
2005.02/01 新設合併 宮崎村 越前町
68%
2005.01/01 新設合併 河野村 南越前町
63%
2005.02/01 新設合併 朝日町 越前町
63%
2006.02/01 編入合併 清水町 福井市
63%
2006.02/13 新設合併 上志比村 永平寺町
63%
2005.02/01 新設合併 織田町 越前町
58%
No matching quizzes found
Score Distribution
Percent of People with Each Score
Percentile by Number Answered
Your Score History
You have not taken this quiz